| 000 | 00684nam a2200241Ia 4500 | ||
|---|---|---|---|
| 003 | OSt | ||
| 005 | 20220925203324.0 | ||
| 006 | a|||||r|||| 00| 0 | ||
| 007 | ta | ||
| 008 | 220923b |||||||| |||| 00| 0 eng d | ||
| 037 | _cGeneral Book | ||
| 040 |
_aRTL _cRTL _beng |
||
| 041 |
_2eng _aeng |
||
| 082 | _aU47.3482, K7 | ||
| 100 |
_aEvans E Estyn _9265591 |
||
| 245 | 0 |
_aMourne country _b Landscape and life in South Down |
|
| 260 |
_aDundalk _bDundalgan Press _c1967 |
||
| 300 |
_axvi,244p _ccm. |
||
| 500 | _aAppendix p. 223-38 | ||
| 650 |
_aHuman Geography _91464 |
||
| 942 |
_hU47.3482, K7 _cGB _2CC |
||
| 999 |
_c545954 _d545954 |
||